000 00463nam a2200181Ia 4500
001 11084
005 20260306161920.0
008 260306t1979||||xx |||||||||||||| ||spa||
041 _aESP
082 _a985.004
_bP43A
100 _aCentro de Estudios para el Desarrollo y la Participación
_eAUT
245 0 _aPerú:
_bidentidad nacional
260 _c1979
300 _a511 páginas :
_c21cm.
650 _aGEN
654 _aCHU
942 _cLIB
_dJUS
_fJUS
_2ddc
_n
999 _c11084
_d11084